Portsmouth players (2000-2010) - Statistics

General Stats
  • This quiz has been taken 3 times
  • The average score is 55 of 168
Answer Stats
Rank Player Positions Nationality Matches Goals (assists) Period % Correct
9 Arjan de Zeeuw CB 106 5 (3) 2002-2005
100%
23 Benjani ST 70 19 (5) 2005-2008
100%
5 David James GK 134 0 (0) 2006-2010
100%
7 Dejan Stefanovic CB 112 3 (0) 2003-2007
100%
15 Glen Johnson RB 84 4 (9) 2006-2009
100%
22 Hermann Hreidarsson LB 72 6 (2) 2007-2010
100%
39 Jamie Ashdown GK 42 0 (0) 2004-2006, 2007-2008, 2009-2010
100%
65 Jamie O'Hara CM 26 2 (5) 2009-2010
100%
52 Jermain Defoe ST 31 16 (4) 2007-2009
100%
25 John Utaka LW 66 7 (8) 2007-2010
100%
72 Lassana Diarra DM 24 1 (0) 2007-2009
100%
1 Linvoy Primus CB 198 5 (0) 2000-2007, 2008-2009
100%
14 Lomana LuaLua ST 87 19 (3) 2003-2007
100%
2 Matthew Taylor LM 179 23 (14) 2002-2008
100%
16 Niko Kranjcar AM 83 9 (10) 2006-2010
100%
11 Nwankwo Kanu ST 100 17 (8) 2006-2010
100%
29 Pedro Mendes CM 58 5 (6) 2005-2008
100%
20 Peter Crouch ST 75 28 (4) 2001-2002, 2008-2009
100%
10 Sean Davis DM 102 3 (8) 2005-2009
100%
13 Shaka Hislop GK 93 0 (0) 2002-2005
100%
12 Sol Campbell CB 95 2 (2) 2006-2009
100%
21 Steve Stone RM 73 9 (7) 2002-2005
100%
61 Sulley Muntari CM 29 4 (4) 2007-2008
100%
18 Svetoslav Todorov ST 77 33 (0) 2001-2004, 2005-2007
100%
19 Sylvain Distin CB 77 0 (2) 2007-2010
100%
17 Yakubu Aiyegbeni ST 81 35 (4) 2002-2005
100%
64 Aleksey Smertin DM 26 0 (0) 2003-2004
67%
49 Andrew O'Brien CB 32 0 (1) 2005-2007
67%
84 Andy Cole ST 19 3 (1) 2006-2007
67%
56 Brian Priske RB 30 0 (1) 2005-2006
67%
89 Ceri Hughes CM 19 0 (1) 2000-2001
67%
68 Diomansy Kamara RW 25 4 (0) 2004-2005
67%
3 Gary O'Neil CM 174 16 (7) 2000-2008
67%
38 Hayden Foxe CB 42 2 (0) 2002-2004
67%
112 Jermaine Pennant RW 13 0 (3) 2008-2009
67%
78 Kevin-Prince Boateng AM 22 3 (2) 2009-2010
67%
70 Laurén RB 25 0 (1) 2006-2008
67%
165 Matt Ritchie RM 2 0 (0) 2009-2010
67%
74 Michael Brown CM 24 2 (3) 2009-2010
67%
33 Nadir Belhadj LB 48 5 (5) 2008-2010
67%
4 Nigel Quashie CM 148 13 (0) 2000-2005
67%
26 Noé Pamarot CB 65 3 (0) 2005-2009
67%
30 Papa Bouba Diop CM 53 0 (2) 2007-2010
67%
31 Patrik Berger AM 52 8 (6) 2003-2005
67%
120 Paul Ritchie CB 12 0 (0) 2002-2003
67%
130 Ricardo Rocha CB 10 0 (0) 2009-2010
67%
6 Richard Hughes DM 120 0 (0) 2002-2010
67%
48 Robert Prosinecki CM 33 9 (1) 2001-2002
67%
168 Theofanis Gekas ST 1 0 (0) 2008-2009
67%
37 Vincent Péricard ST 44 9 (0) 2002-2004, 2005-2006
67%
122 Yoshikatsu Kawaguchi GK 12 0 (0) 2001-2003
67%
43 Younès Kaboul CB 39 4 (1) 2008-2010
67%
34 Amdy Faye DM 47 0 (0) 2003-2005
33%
110 Andrés D'Alessandro AM 13 1 (2) 2005-2006
33%
36 Andy Griffin RB 44 0 (0) 2004-2006
33%
102 Angelos Basinas DM 15 0 (0) 2008-2010
33%
85 Anthony Vanden Borre RB 19 0 (2) 2009-2010
33%
86 Armand Traoré LB 19 1 (1) 2008-2009
33%
81 Arnold Mvuemba DM 21 1 (0) 2006-2009
33%
87 Aruna Dindane CF 19 8 (2) 2009-2010
33%
91 Boris Zivkovic RB 18 0 (1) 2003-2004
33%
99 Carl Robinson CM 16 0 (0) 2002-2004
33%
111 Darío Silva ST 13 2 (0) 2005-2006
33%
46 David Nugent ST 34 3 (1) 2007-2010
33%
117 David Thompson CM 12 0 (1) 2006-2007
33%
103 David Unsworth LB 15 2 (1) 2004-2005
33%
118 Djimi Traoré CB 12 0 (0) 2006-2008
33%
77 Eyal Berkovic AM 22 2 (2) 2003-2005
33%
47 Frédéric Piquionne ST 34 5 (3) 2009-2010
33%
141 Glen Little RW 5 0 (0) 2008-2009
33%
44 Hayden Mullins DM 35 0 (0) 2008-2010
33%
127 Ivica Mornar ST 10 1 (0) 2003-2004, 2005-2006
33%
153 Jerome Thomas LW 3 0 (0) 2008-2009
33%
154 Joel Ward RB 3 0 (0) 2009-2010
33%
8 Kevin Harper RM 107 7 (1) 2000-2004
33%
143 Konstantinos Chalkias GK 5 0 (0) 2004-2005
33%
27 Lee Bradbury ST 64 18 (0) 2000-2003
33%
73 Mark Burchill ST 24 8 (0) 2001-2003
33%
119 Milan Baros ST 12 0 (2) 2007-2008
33%
35 Paul Merson RM 45 12 (0) 2002-2003
33%
54 Ricardo Fuller ST 31 1 (2) 2004-2005
33%
139 Sander Westerveld GK 6 0 (0) 2005-2006
33%
55 Steve Claridge ST 31 11 (0) 2000-2001
33%
82 Steve Finnan RB 21 0 (1) 2009-2010
33%
80 Tal Ben Haim CB 22 0 (0) 2009-2010
33%
51 Teddy Sheringham ST 32 9 (4) 2003-2004
33%
59 Tim Sherwood CM 30 1 (1) 2002-2004
33%
83 Aaron Flahavan GK 20 0 (0) 2000-2001
0%
75 Aaron Mokoena CB 23 0 (0) 2009-2010
0%
147 Aleksandar Rodic ST 4 0 (0) 2004-2005
0%
98 Alessandro Zamperini CB 16 2 (0) 2001-2002
0%
76 Aliou Cissé DM 23 0 (1) 2004-2006
0%
158 Andy Awford CB 2 0 (0) 2000-2001
0%
159 Andy Petterson GK 2 0 (0) 2000-2001
0%
123 Asmir Begovic GK 11 0 (0) 2008-2010
0%
94 Azar Karadas ST 17 1 (0) 2005-2006
0%
136 Bernard Lambourde CB 6 0 (0) 2000-2001
0%
151 Carl Pettefer RM 3 0 (0) 2000-2002
0%
88 Carl Tiler CB 19 1 (0) 2000-2003
0%
140 Chris Tardif GK 5 0 (0) 2000-2002
0%
148 Collins Mbesuma ST 4 0 (0) 2005-2006
0%
41 Courtney Pitt LM 39 3 (0) 2001-2002
0%
95 Danny Webber ST 17 1 (1) 2009-2010
0%
45 Darren Moore CB 34 1 (0) 2000-2002
0%
62 Dave Beasant GK 27 0 (0) 2001-2002
0%
57 Dave Waterman DM 30 0 (0) 2000-2002
0%
104 Dean Kiely GK 15 0 (0) 2005-2006
0%
100 Deon Burton ST 16 4 (0) 2002-2004
0%
160 Eddie Howe CB 2 0 (0) 2001-2003
0%
161 Emmanuel Olisadebe ST 2 0 (0) 2005-2006
0%
152 Franck Songo'o RW 3 0 (0) 2005-2006, 2007-2008
0%
105 Garry Brady CM 14 0 (0) 2000-2002
0%
63 Gianluca Festa CB, RB 27 1 (0) 2002-2003
0%
92 Giannis Skopelitis DM 18 0 (0) 2004-2006
0%
106 Grégory Vignal LB 14 0 (0) 2005-2006
0%
166 Guy Whittingham ST 1 0 (0) 2000-2001
0%
142 Harald Wapenaar GK 5 0 (0) 2003-2004
0%
93 Hassan Yebda CM 18 2 (0) 2009-2010
0%
162 James Keene ST 2 0 (0) 2004-2005
0%
32 Jamie Vincent LB 48 1 (0) 2000-2002
0%
28 Jason Crowe RB 61 5 (0) 2000-2003
0%
128 Jason Roberts ST 10 1 (0) 2003-2004
0%
107 Jhon Viáfara DM 14 1 (0) 2005-2006
0%
133 John Curtis RB 7 0 (0) 2003-2005
0%
71 Justin Edinburgh LB 24 1 (0) 2000-2002
0%
69 Lassina Diabaté DM 25 0 (0) 2002-2003
0%
96 Laurent Robert LW 17 1 (2) 2005-2006
0%
66 Lee Mills ST 26 4 (0) 2000-2002
0%
97 Lee Sharpe LM 17 0 (0) 2000-2001
0%
144 Lennard Sowah LB 5 0 (0) 2009-2010
0%
132 Leo Biagini ST 8 2 (0) 2001-2002
0%
58 Lewis Buxton RB 30 0 (0) 2001-2003
0%
155 Lucien Aubey CB 3 0 (0) 2007-2008
0%
90 Luke Nightingale ST 19 1 (0) 2000-2001
0%
124 Manuel Fernandes AM 11 0 (0) 2006-2007
0%
156 Marc Keller RM 3 0 (0) 2000-2001
0%
53 Marc Wilson CB 31 0 (0) 2008-2010
0%
145 Mark Summerbell CM 5 0 (0) 2001-2002
0%
163 Markus Heikkinen CB 2 0 (0) 2002-2003
0%
164 Martin Cranie CB 2 0 (0) 2007-2008
0%
50 Michael Panopoulos CM 32 6 (0) 2000-2002
0%
113 Mladen Rudonja LW 13 0 (0) 2000-2002
0%
67 Neil Barrett RM 26 2 (0) 2001-2002
0%
149 Ognjen Koroman RW 4 1 (0) 2005-2007
0%
157 Pavel Srnicek GK 3 0 (0) 2003-2004
0%
121 Petri Pasanen CB 12 0 (0) 2003-2004
0%
129 Quincy Owusu-Abeyie LW 10 0 (1) 2009-2010
0%
167 Richard Duffy CB 1 0 (0) 2003-2004
0%
137 Robert Wolleaston CM 6 0 (0) 2000-2001
0%
138 Roudolphe Douala LW 6 0 (0) 2006-2007
0%
114 Rowan Vine ST 13 0 (0) 2000-2002
0%
79 Russell Hoult GK 22 0 (0) 2000-2001
0%
125 Salif Diao DM 11 0 (0) 2005-2006
0%
134 Sasa Ilic GK 7 0 (0) 2001-2002
0%
24 Scott Hiley RB 67 0 (0) 2000-2002
0%
146 Scott Peter Wilson CB 5 0 (0) 2001-2002
0%
108 Sébastien Schemmel RB 14 0 (1) 2003-2004
0%
135 Shaun Cooper DM 7 0 (0) 2001-2002
0%
40 Shaun Derry DM 40 0 (0) 2000-2002
0%
150 Stathis Tavlaridis CB 4 0 (0) 2002-2003
0%
109 Stefani Miglioranzi DM 14 0 (0) 2000-2002
0%
60 Steve Lovell ST 29 3 (0) 2000-2002
0%
42 Thomas Thögersen ST 39 3 (0) 2000-2002
0%
115 Tom Curtis MF 13 0 (0) 2000-2002
0%
101 Tommy Smith ST 16 1 (1) 2009-2010
0%
126 Valéry Mézague AM 11 0 (0) 2004-2005
0%
116 Wayne Routledge LW 13 0 (2) 2005-2006
0%
131 Zvonimir Vukic AM 9 1 (2) 2005-2006
0%
No matching quizzes found
Score Distribution
Percent of People with Each Score
Percentile by Number Answered
Your Score History
You have not taken this quiz